[One Piece] Mort subite - Facile - Statistiques

Statistiques générales
  • Ce quiz a été pris 5 119 fois
  • Le résultat moyen est 13 sur 16
Answers on the Grid
Answers color-coded by a green-red scale on the quiz's grid according to % correct below.
Alvida
Bonclay
Bond
Charlotte Pudding
Don Krieg
Don Quichotte Doflamingo
Dracule Mihawk
Greed
Haguar D. Sauro
Hody Jones
Hyōma Chigiri
Ishigami Senku
Killer Bee
King
Leolio Paradinaito
Liebe
Magellan
Momo Ayase
Montblanc Norland
Perona
Rin Nohara
Rorona Zoro
Satoru Gojo
Silvers Rayleigh
Sōsuke Aizen
Trafalgar D. Water Law
Uzui Tengen
Uzumaki Naruto
Vinsmoke Sanji
Zaraki Kenpachi
 
Statistiques - réponses
Réponse % Correct
Don Quichotte Doflamingo
86%
Dracule Mihawk
86%
Rorona Zoro
85%
Alvida
84%
Bonclay
84%
Charlotte Pudding
84%
Trafalgar D. Water Law
83%
Vinsmoke Sanji
83%
Don Krieg
81%
Silvers Rayleigh
78%
Magellan
77%
King
76%
Perona
76%
Hody Jones
71%
Montblanc Norland
71%
Haguar D. Sauro
68%
Aucun quiz correspondant
Distribution des résultats
% des personnes avec chaque résultat
Percentile par nombre de réponses
Votre historique - résultats
Vous n’avez pas pris ce quiz